000 00557nam a2200193Ia 4500
005 20250508153116.0
008 008 250505s9999 xx 000 0 eng d
037 _aTextual
040 _aFEDL
_beng
_cFEDL
041 _aeng
_2eng
084 _a300, GUI
_qFEDL
100 _aGuetzkow Harold Ed.
_9324792
245 0 _aSimulation in social science: Readings
260 _aEnglewood Cliffs, New Jersey, USA
_bPrentice - Hall
_c1962
300 _axv,199p
650 _aSocial Science
942 _cTEXL
_h300, GUI
999 _c1340725
_d1340725